000 00425nam a2200181Ia 4500
001 3723
003 IN-NITTTR
005 20251114232950.0
008 251113s9999||||xx |||||||||||||| ||eng||
040 _beng
040 _cIN-NITTTR
041 _aeng
082 _a621.8 T571T
100 _aToft, Louis
245 0 _aTheory of machines. /
_cToft, Louis, Kersey, A. T. J.
700 _a Kersey, A. T. J.
942 _2ddc
_cBK
999 _c6052
_d6052